000 00793 a2200229 4500
010 _aENG-89539
020 _a8179332012
_c90.00
035 _aEN-73072
037 _bDBAD / VEN
082 1 4 _a793.74
090 _c11113
_d11113
100 1 _aSingal, M.K.
245 1 _aMagic squares/
_cby M.K. Singal and Saurabh Singal
260 _a Delhi
_bKrishna Prakashan Media
_c2007
260 _aDelhi
_bDynamic publications (India) Ltd.
_c2007
270 _a2/11, Ansari Road, Darya Ganj,
_b Delhi
_e110002
_cDelhi :
_k41563457-459,
_l41563460
300 _axvi, 216, ivp.:
_c22cm (Pbk)
_bill.
500 _aIncludes appendix
700 _aSingal, Saurabh
942 _adpl
_cEN
_k793.74/ SIN
999 _c10808
_d10808